[Event "Kirov-ch"]
[Site "Kirov"]
[Date "2019.04.10"]
[Round "7"]
[White "Shirokov, Dmitry"]
[Black "Kaisin, Yrij"]
[Result "1-0"]
[WhiteElo "1941"]
[BlackElo "1722"]
[PlyCount "129"]
[EventDate "2019.04.01"]
[EventType "swiss"]
[EventRounds "9"]
[EventCountry "RUS"]
[SourceTitle "CBM 190 Extra"]
[Source "ChessBase"]
[SourceDate "2019.07.15"]
[SourceVersion "1"]
[SourceVersionDate "2019.07.15"]
[SourceQuality "1"]

1. e4 e5 2. Nf3 Nc6 3. Bb5 d6 4. d4 Bd7 5. Nc3 h6 6. Bxc6 bxc6 7. dxe5 Bg4 8. exd6 Bxd6 9. h3 Bh5 10. 0-0 Ne7 11. Be3 0-0 12. g4 Bg6 13. Qd4 f6 14. Rfd1 Qc8 15. Nh4 c5 16. Qd2 Rd8 17. Nxg6 Nxg6 18. Qd5+ Kh8 19. Qf5 Ne5 20. Qxc8 Raxc8 21. b3 a6 22. Kg2 Ng6 23. Nd5 Re8 24. f3 Be5 25. Rac1 c6 26. Nb6 Rc7 27. Nc4 Nf4+ 28. Bxf4 Bxf4 29. Rb1 g6 30. Rd3 f5 31. Re1 Rce7 32. Nd6 Rf8 33. Red1 fxg4 34. hxg4 h5 35. gxh5 Re6 36. Kf2 gxh5 37. Nf5 Rg8 38. Rd8 Rxd8 39. Rxd8+ Kh7 40. Rd7+ Kg8 41. Rg7+ Kh8 42. Ra7 Rg6 43. Kf1 h4 44. Ra8+ Kh7 45. Ra7+ Kh8 46. Nxh4 Rh6 47. Ng2 Bg3 48. f4 Rh1+ 49. Ke2 Rc1 50. c4 Rc2+ 51. Kf3 Bh2 52. Nh4 Rxa2 53. Kg4 Rf2 54. Ng6+ Kg8 55. Kf5 Rd2 56. Rxa6 Rd6 57. e5 Rd8 58. Kf6 Bxf4 59. Nxf4 Rf8+ 60. Kg5 Kf7 61. e6+ Kg8 62. e7 Re8 63. Kf6 Kh7 64. Kf7 Rf8+ 65. exf8N+ 1-0

[Event "Kirov-ch"]
[Site "Kirov"]
[Date "2019.04.03"]
[Round "3"]
[White "Malyshev, Evgeny2"]
[Black "Shirokov, Dmitry"]
[Result "1-0"]
[WhiteElo "2054"]
[BlackElo "1941"]
[PlyCount "43"]
[EventDate "2019.04.01"]
[EventType "swiss"]
[EventRounds "9"]
[EventCountry "RUS"]
[SourceTitle "CBM 190 Extra"]
[Source "ChessBase"]
[SourceDate "2019.07.15"]
[SourceVersion "1"]
[SourceVersionDate "2019.07.15"]
[SourceQuality "1"]

1. d4 Nf6 2. c4 e6 3. g3 d5 4. Nf3 b6 5. Bg2 Bb7 6. cxd5 Nxd5 7. 0-0 Be7 8. Qa4+ Bc6 9. Qc4 Nf6 10. Nc3 0-0 11. Bf4 Bd6 12. Bg5 Bb7 13. Rfd1 Nc6 14. Ne5 Na5 15. Qa4 h6 16. Bxf6 gxf6 17. Bxb7 Nxb7 18. Nd7 Re8 19. Ne4 Be7 20. Ndxf6+ Bxf6 21. Qxe8+ Qxe8 22. Nxf6+ 1-0

[Event "Kirov-ch FL"]
[Site "Kirov"]
[Date "2018.04.06"]
[Round "4"]
[White "Shuljya, Alexander"]
[Black "Shirokov, Dmitry"]
[Result "0-1"]
[WhiteElo "1797"]
[BlackElo "1929"]
[PlyCount "68"]
[EventDate "2018.04.01"]
[EventType "tourn"]
[EventRounds "11"]
[EventCountry "RUS"]
[SourceTitle "EXT 2019"]
[Source "ChessBase"]
[SourceDate "2018.10.10"]
[SourceVersion "1"]
[SourceVersionDate "2018.10.10"]
[SourceQuality "1"]

1. d4 e6 2. e4 d5 3. e5 c5 4. c3 Qb6 5. Nf3 Bd7 6. Be2 Bb5 7. 0-0 Nd7 8. a4 Bxe2 9. Qxe2 c4 10. a5 Qc7 11. Re1 Ne7 12. Nbd2 Nc6 13. b4 cxb3 14. Nxb3 Rc8 15. Bd2 a6 16. Reb1 Na7 17. Rc1 Qc4 18. Qd1 Nb5 19. Be1 Ba3 20. Rcb1 Be7 21. Rc1 0-0 22. Qc2 Rc7 23. Qa2 Rfc8 24. Nfd2 Nxc3 25. Rxc3 Qxc3 26. Ne4 Qc2 27. Qxc2 Rxc2 28. Nd6 R8c6 29. Rb1 Bxd6 30. exd6 Rxd6 31. g3 b5 32. Bb4 Rdc6 33. Nc5 Nxc5 34. dxc5 R6xc5 0-1

[Event "Kirov-ch"]
[Site "Kirov"]
[Date "2016.04.07"]
[Round "7"]
[White "Shirokov, Dmitry"]
[Black "Derbenev, Andrey"]
[Result "1/2-1/2"]
[WhiteElo "1924"]
[BlackElo "2374"]
[PlyCount "86"]
[EventDate "2016.04.01"]
[EventType "swiss"]
[EventRounds "9"]
[EventCountry "RUS"]
[SourceTitle "CBM 172 Extra"]
[Source "ChessBase"]
[SourceDate "2016.06.21"]
[SourceVersion "1"]
[SourceVersionDate "2016.06.21"]
[SourceQuality "1"]

1. e4 Nf6 2. d3 d5 3. Nd2 e5 4. g3 Nc6 5. Bg2 dxe4 6. dxe4 Bc5 7. h3 Be6 8. Ngf3 h6 9. 0-0 Qd7 10. Kh2 g5 11. Ng1 h5 12. Nb3 Qxd1 13. Rxd1 Bxf2 14. Bxg5 Ng4+ 15. hxg4 hxg4+ 16. Bh4 a5 17. c3 a4 18. Nc1 Ne7 19. Bf1 f5 20. Kg2 Bb6 21. Bf6 Rh5 22. Bxe5 fxe4 23. Bd4 0-0-0 24. Nce2 c5 25. Nf4 cxd4 26. Nxh5 Nf5 27. Re1 d3 28. Nf4 d2 29. Nxe6 dxe1Q 30. Rxe1 Rd2+ 31. Re2 Ne3+ 32. Kf2 Rd1 33. Nd4 Rxf1+ 34. Kxe3 Rxg1 35. Kf4 Bc7+ 36. Kxg4 Rxg3+ 37. Kf5 a3 38. Nb5 axb2 39. Rxb2 e3 40. Nxc7 Rf3+ 41. Ke4 Rf2 42. Rb1 Kxc7 43. Kxe3 Rxa2 1/2-1/2

[Event "Kirov Region-ch FL"]
[Site "Kirov"]
[Date "2015.10.17"]
[Round "9"]
[White "Shirokov, Dmitry"]
[Black "Kharitonov, Alexey"]
[Result "1-0"]
[WhiteElo "1846"]
[BlackElo "2204"]
[PlyCount "79"]
[EventDate "2015.10.09"]
[EventType "swiss"]
[EventRounds "9"]
[EventCountry "RUS"]
[SourceTitle "EXT 2018"]
[Source "ChessBase"]
[SourceDate "2017.10.13"]
[SourceVersion "1"]
[SourceVersionDate "2017.10.13"]
[SourceQuality "1"]

1. e4 c6 2. d3 d5 3. Nd2 g5 4. g3 h5 5. Bg2 h4 6. Ne2 h3 7. Bf1 dxe4 8. Nxe4 g4 9. d4 f5 10. Nd2 e5 11. dxe5 Bc5 12. Nf4 Nd7 13. Nc4 Nf8 14. Qxd8+ Kxd8 15. Be3 Bxe3 16. Nxe3 Ne7 17. 0-0-0+ Kc7 18. Bd3 Nfg6 19. Nxg6 Nxg6 20. Nxg4 Nh4 21. Ne3 f4 22. Nc4 Ng2 23. Be4 Be6 24. Nd2 Raf8 25. Nf3 Bg4 26. Rd3 Rh5 27. Rg1 Bxf3 28. Bxf3 Rxe5 29. Bxg2 hxg2 30. Rxg2 Re1+ 31. Kd2 Rb1 32. Rf3 Rxb2 33. a3 b5 34. Kc1 Ra2 35. Kb1 Rxa3 36. Rxa3 f3 37. Rg1 Kb6 38. g4 b4 39. Rb3 Kc5 40. g5 1-0

[Event "Kirov Region-ch FL"]
[Site "Kirov"]
[Date "2015.10.16"]
[Round "8"]
[White "Kirillov, Konstantin"]
[Black "Shirokov, Dmitry"]
[Result "0-1"]
[WhiteElo "2061"]
[BlackElo "1846"]
[PlyCount "116"]
[EventDate "2015.10.09"]
[EventType "swiss"]
[EventRounds "9"]
[EventCountry "RUS"]
[SourceTitle "EXT 2018"]
[Source "ChessBase"]
[SourceDate "2017.10.13"]
[SourceVersion "1"]
[SourceVersionDate "2017.10.13"]
[SourceQuality "1"]

1. Nf3 e6 2. d4 f5 3. g3 b6 4. Bg2 Bb7 5. 0-0 Nf6 6. c4 g6 7. b3 Bg7 8. Ba3 c5 9. Nc3 Ne4 10. Rc1 Nxc3 11. Rxc3 d5 12. Re3 Bh6 13. Rxe6+ Kf7 14. cxd5 Bxd5 15. Re5 Be4 16. Rxe4 fxe4 17. Ne5+ Ke6 18. Bxe4 Qxd4 19. Bxa8 Qxe5 20. Qc2 Rd8 21. Bb2 Qd6 22. Qe4+ Kf7 23. Qc4+ Qe6 24. Qh4 g5 25. Qh5+ Ke7 26. Bf3 Qg6 27. Qxg6 hxg6 28. Bc3 Na6 29. a3 Nc7 30. a4 Nd5 31. Bxd5 Rxd5 32. Ra1 g4 33. Kg2 Kd6 34. h3 Bd2 35. Bg7 gxh3+ 36. Kxh3 Bb4 37. Ra2 Rf5 38. f4 Kd5 39. Rc2 Ke4 40. Kg4 Ke3 41. Bb2 Bd2 42. Rc4 Kxe2 43. Re4+ Kd3 44. Re6 Kc2 45. Be5 Kxb3 46. Rxg6 Rf7 47. f5 c4 48. f6 c3 49. Bxc3 Bxc3 50. Kf5 Kxa4 51. Ke6 Rf8 52. f7 a5 53. Rg4+ Bb4 54. Rf4 Kb3 55. Rf3+ Kc2 56. Kd5 a4 57. Kc4 Bc5 58. Rf1 a3 0-1

[Event "Kirov Region-ch FL"]
[Site "Kirov"]
[Date "2015.10.15"]
[Round "7"]
[White "Shirokov, Dmitry"]
[Black "Schevnin, Leonid"]
[Result "0-1"]
[WhiteElo "1846"]
[BlackElo "1857"]
[PlyCount "150"]
[EventDate "2015.10.09"]
[EventType "swiss"]
[EventRounds "9"]
[EventCountry "RUS"]
[SourceTitle "EXT 2018"]
[Source "ChessBase"]
[SourceDate "2017.10.13"]
[SourceVersion "1"]
[SourceVersionDate "2017.10.13"]
[SourceQuality "1"]

1. d4 d5 2. Nf3 Nf6 3. g3 g6 4. Bg2 Bg7 5. c4 c6 6. 0-0 0-0 7. Nc3 Nbd7 8. a4 a5 9. cxd5 cxd5 10. Qb3 Qb6 11. Nb5 Rd8 12. Bf4 Rf8 13. Rfc1 Nb8 14. Bc7 Qe6 15. Be5 Na6 16. e3 Bd7 17. Ne1 Bc6 18. Nd3 Nd7 19. Bxg7 Kxg7 20. Nf4 Qf5 21. Nxd5 Qe6 22. Qa2 Rad8 23. Nbc7 Nxc7 24. Nxc7 Qd6 25. d5 Qxc7 26. dxc6 bxc6 27. Rxc6 Qe5 28. Rac1 Rb8 29. b3 Rb4 30. Bf1 Rfb8 31. Bb5 Qd5 32. Qb2+ f6 33. Rc7 Rd8 34. Bxd7 Rxd7 35. Rxd7 Qxd7 36. Rc3 Qd1+ 37. Kg2 h5 38. Qc2 Qd5+ 39. f3 Kf7 40. Rc5 Qd8 41. Rc4 Rb7 42. Rd4 Qb6 43. Rd3 Rc7 44. Rc3 Rd7 45. Kf2 Qd6 46. Ke2 Rb7 47. Qd3 Qb6 48. Qc4+ Kg7 49. Qd4 Qe6 50. Qe4 Qa6+ 51. Qc4 Qd6 52. Qc5 Qb8 53. Qxa5 Rxb3 54. Rxb3 Qxb3 55. Qd8 Qc2+ 56. Ke1 Qc1+ 57. Ke2 Qc2+ 58. Kf1 Qc1+ 59. Kg2 Qxe3 60. Qd1 g5 61. a5 Qa3 62. Qd2 g4 63. fxg4 hxg4 64. Kg1 Kg6 65. Qc2+ f5 66. Qc6+ Kg5 67. a6 Qa1+ 68. Kf2 Qb2+ 69. Ke3 Qxh2 70. Qc7 Qg1+ 71. Kd2 Qd4+ 72. Ke2 Qb2+ 73. Ke3 Qa3+ 74. Kd4 Qxa6 75. Qd8 Qd6+ 0-1

[Event "Kirov Region-ch FL"]
[Site "Kirov"]
[Date "2015.10.13"]
[Round "5"]
[White "Dvinskikh, Leonid"]
[Black "Shirokov, Dmitry"]
[Result "1-0"]
[WhiteElo "2016"]
[BlackElo "1846"]
[PlyCount "269"]
[EventDate "2015.10.09"]
[EventType "swiss"]
[EventRounds "9"]
[EventCountry "RUS"]
[SourceTitle "EXT 2018"]
[Source "ChessBase"]
[SourceDate "2017.10.13"]
[SourceVersion "1"]
[SourceVersionDate "2017.10.13"]
[SourceQuality "1"]

1. d4 e6 2. c4 f5 3. g3 Nf6 4. Bg2 c6 5. Nh3 d5 6. Nd2 Bb4 7. Qc2 0-0 8. 0-0 b6 9. cxd5 cxd5 10. Nf3 Bb7 11. Nf4 Re8 12. Nd3 Bd6 13. Bf4 Nc6 14. Bxd6 Qxd6 15. e3 Ba6 16. Rfc1 Bxd3 17. Qxd3 Rac8 18. a3 Rc7 19. Rc2 Rec8 20. Rac1 Na5 21. Ne5 Nd7 22. b4 Nb7 23. Nf3 Nd8 24. Bf1 Rxc2 25. Rxc2 Rc6 26. Rxc6 Qxc6 27. Qa6 Qc7 28. Kg2 h6 29. h4 Nf7 30. Qd3 Nd6 31. Nd2 Kf7 32. Be2 Nf6 33. f3 Qc6 34. Kf2 Ke7 35. Qa6 Qb7 36. Qa4 Qd7 37. Qc2 Qc8 38. Qb3 Qc6 39. b5 Qc7 40. Bd3 Qc1 41. Nf1 Qc7 42. a4 Kf7 43. Nd2 Ke7 44. Qa3 Kf7 45. Qb2 Ke7 46. Qc2 Qxc2 47. Bxc2 Kf7 48. Nb1 Nc4 49. Nc3 Ke7 50. Na2 Kd6 51. Nb4 Na5 52. Nd3 Nc4 53. Bb3 Na5 54. Ba2 Nd7 55. Ke2 Nf6 56. Ne5 Nd7 57. Ng6 Nf6 58. Nf4 Ke7 59. Kd3 Kd6 60. Ne2 Ke7 61. Nc3 Kd6 62. e4 fxe4+ 63. fxe4 Nxe4 64. Nxe4+ dxe4+ 65. Kxe4 Nb7 66. Kf4 Nd8 67. Kg4 e5 68. dxe5+ Kxe5 69. Kh5 Kf6 70. g4 Nb7 71. g5+ hxg5 72. hxg5+ Ke7 73. Kg6 Kf8 74. Bb1 Nc5 75. Bc2 Ne6 76. Bd1 Nc5 77. Kf5 Ke7 78. Ke5 Kd7 79. Kd5 Kc7 80. a5 Kd7 81. a6 Kc7 82. Bg4 Na4 83. Ke6 Nc3 84. Kf7 Nxb5 85. Kxg7 Kd8 86. Kf8 Nc7 87. g6 Ne8 88. Be2 Nc7 89. Kf7 Ne8 90. Bd3 Nd6+ 91. Kf8 Ne8 92. Bb5 Nc7 93. Bc4 Ne8 94. Be6 b5 95. Bb3 Kd7 96. Kf7 Kd8 97. Bd5 Nd6+ 98. Ke6 Nc8 99. g7 Ne7 100. Bb3 Ke8 101. Ke5 Kd7 102. Be6+ Kc7 103. Kf6 Kd6 104. Bb3 Kd7 105. Ke5 Nc6+ 106. Kd5 Ne7+ 107. Kc5 Kc7 108. Kxb5 Kd6 109. Bf7 Kd7 110. Kc5 Kd8 111. Be6 Kc7 112. Bg4 Ng8 113. Be6 Ne7 114. Bb3 Kd7 115. Bc4 Kd8 116. Ba2 Kd7 117. Bf7 Kd8 118. Be6 Kc7 119. Bg4 Ng8 120. Kd5 Ne7+ 121. Ke6 Ng8 122. Be2 Kd8 123. Kd6 Ne7 124. Bd3 Ng8 125. Kc6 Kc8 126. Bf5+ Kb8 127. Kd7 Nf6+ 128. Ke7 Ng8+ 129. Kf8 Nh6 130. Bh7 Kc7 131. Ke7 Kc8 132. Kf6 Kd7 133. Kg6 Ng4 134. g8Q Ne5+ 135. Kf5 1-0